| 000 | 00835nam a2200265 a 4500 | ||
|---|---|---|---|
| 001 | 69678 | ||
| 003 | BD-RjUL | ||
| 005 | 20211209081920.0 | ||
| 008 | 170413s1991 us a|||| b||| 001 0 eng d | ||
| 020 | _a0873712226 : | ||
| 035 | _a(BD-RjUL)69890 | ||
| 040 |
_aBD-RjUL _beng _cBD-RjUL _dBD-RjUL |
||
| 041 | _aeng | ||
| 082 |
_223 _a363.7387 _bWUP 1991 |
||
| 100 |
_aWuebbles, Donald J. _9206390 |
||
| 245 |
_aPrimer on greenhouse gases / _cDonald J. Wuebbles; Jae Edmonds |
||
| 260 |
_aAmerica : _bLewis Publishers, _c1991. |
||
| 300 |
_axx, 230 p. : _bill. ; _c24 cm. |
||
| 490 | _aGlobal and atmospheric science series. | ||
| 504 | _aInclude Bibliography and Index. | ||
| 650 |
_aFumes, Gases, Smoke _9206391 |
||
| 700 |
_aEdmonds, Jae _9206392 |
||
| 830 |
_aGlobal and atmospheric science series. _9206394 |
||
| 942 |
_2ddc _cBK |
||
| 999 |
_c69678 _d69678 |
||